Appendix Vergiliana

-д хадгалсан:
Номзүйн дэлгэрэнгүй
Үндсэн зохиолч: Amodeo Emilio
Формат: Ном
Хэл сонгох:Тодорхойгүй
Хэвлэсэн: Carlo Signorelli Editore
Шошгууд: Шошго нэмэх
Шошго байхгүй, Энэхүү баримтыг шошголох эхний хүн болох!

MARC

LEADER 00000nam a2200000Ia 4500
001 R-1459
003 CODICE-MESSINA
005 20260212102507.0
008 260211s9999 xx 000 0 und d
040 |c importazione_messina 
100 |a Amodeo Emilio 
245 0 |a Appendix Vergiliana 
260 |b Carlo Signorelli Editore 
942 |2 ddc  |c BK 
952 |0 0  |1 0  |2 ddc  |4 0  |6 SCAFFALE_14_000000000000000__LETTERATURA  |7 0  |9 32295  |a ME  |b ME  |d 2026-02-11  |l 0  |o SCAFFALE 14 - LETTERATURA  |p R-1459  |r 2026-02-11 23:53:06  |w 2026-02-11  |x [REVISIONARE]  |y BK 
999 |c 27962  |d 27962